Ptaki według zdjęcia #2 - Statystyki

Ogólne statystyki
  • Ten quiz został rozwiązany 84 razy
  • Średni wynik to 11 z 18
Statystyki odpowiedzi
Obrazkowy Hint Odpowiedź % Poprawnych
Paw indyjski
97%
Struś czerwonoskóry
97%
Flaming karmazynowy
95%
Bażant zwyczajny
92%
Sroka zwyczajna
92%
Kura domowa
90%
Wróbel zwyczajny
89%
Czapla modra
84%
Kiwi północny
84%
Dodo
76%
Szpak zwyczajny
70%
najdłuższa rozpiętość skrzydeł wśród ptaków Albatros wędrowny
67%
Dymówka
38%
Ibis czczony
37%
Czyż złotawy
10%
wskazówka: znaleziono w Zachodniej Papui Cudowronka czerwona
5%
Błękitnik meksykański
0%
Epoletnik krasnoskrzydły
0%
Nie znaleziono quizów pasujących do podanych kryteriów
Rozkład punktacji
Procent ludzi z każdym wynikiem
Percentyl według liczby udzielonych odpowiedzi
Twoja historia wyników
Nie rozwiązałeś tego quizu